Statistics for Countries that border Turkey

Click here to take the quiz!

General Stats

  • This quiz has been taken 1,117 times
  • The average score is 7 of 8

Answer Stats

Answer% Correct
Greece
96%
Syria
96%
Iraq
95%
Armenia
94%
Iran
94%
Georgia
92%
Bulgaria
89%
Azerbaijan
88%

Score Distribution

Percentile by Number Answered

Percent of People with Each Score

Your Score History

You have not taken this quiz